[Event "Bisaccia op 3rd"]
[Site "Bisaccia"]
[Date "2011.06.05"]
[Round "7"]
[White "Sellitti, Luca"]
[Black "Altini, Ruggiero"]
[Result "1/2-1/2"]
[WhiteElo "1971"]
[BlackElo "1774"]
[PlyCount "65"]
[EventDate "2011.06.08"]
[EventType "swiss"]
[EventRounds "7"]
[EventCountry "ITA"]
[SourceTitle "EXT 2014"]
[Source "ChessBase"]
[SourceDate "2013.11.20"]
[SourceVersion "1"]
[SourceVersionDate "2013.11.20"]
[SourceQuality "1"]

1. e4 c5 2. a3 a6 3. b4 cxb4 4. axb4 e6 5. b5 a5 6. d4 Nf6 7. e5 Nd5 8. c4 Nb4 9. Bd2 b6 10. Nf3 Bb7 11. Be2 d5 12. 0-0 Be7 13. Nc3 0-0 14. Be3 Nd7 15. Nd2 Rc8 16. Na4 f6 17. f4 fxe5 18. fxe5 Rxf1+ 19. Bxf1 Bg5 20. Ra3 dxc4 21. Nxc4 Bd5 22. Bxg5 Qxg5 23. Rg3 Qf4 24. Naxb6 Nxb6 25. Nxb6 Rc1 26. Nxd5 exd5 27. Rf3 Rxd1 28. Rxf4 Re1 29. b6 Nc6 30. e6 Rb1 31. Rf3 Nxd4 32. Rd3 Nxe6 33. Rxd5 1/2-1/2

[Event "Bisaccia op 3rd"]
[Site "Bisaccia"]
[Date "2011.06.04"]
[Round "4"]
[White "Vargiu, Antonio"]
[Black "Sellitti, Luca"]
[Result "0-1"]
[WhiteElo "1841"]
[BlackElo "1971"]
[PlyCount "100"]
[EventDate "2011.06.08"]
[EventType "swiss"]
[EventRounds "7"]
[EventCountry "ITA"]
[SourceTitle "EXT 2014"]
[Source "ChessBase"]
[SourceDate "2013.11.20"]
[SourceVersion "1"]
[SourceVersionDate "2013.11.20"]
[SourceQuality "1"]

1. e4 c5 2. c3 d5 3. exd5 Qxd5 4. Nf3 Bg4 5. Be2 e5 6. d4 e4 7. Ne5 Bxe2 8. Qxe2 cxd4 9. cxd4 Bb4+ 10. Bd2 Bxd2+ 11. Nxd2 Nf6 12. 0-0 Qxd4 13. Qb5+ Nbd7 14. Nxd7 Qxd7 15. Qe5+ Qe7 16. Qxe7+ Kxe7 17. Rfe1 Rhd8 18. Nxe4 Nxe4 19. Rxe4+ Kf6 20. Rb4 b6 21. Rc1 Rac8 22. Rf1 Rd2 23. a4 Rcc2 24. b3 Rb2 25. Rf4+ Ke6 26. Rf3 f6 27. g3 Kd6 28. Rc1 Rbc2 29. Re1 a5 30. Kg2 Rc7 31. h4 Rdc2 32. Ree3 Kc5 33. Rf4 Rd7 34. Rf5+ Kc6 35. Re6+ Rd6 36. Re3 g6 37. Rf4 f5 38. Re8 Rd7 39. Re6+ Kc5 40. Re5+ Rd5 41. Re7 Rb2 42. Re3 Rd4 43. Rff3 Kb4 44. Re5 Ka3 45. Rb5 Rb4 46. Rxb4 Kxb4 47. h5 Rxb3 48. hxg6 hxg6 49. Rf4+ Kc5 50. g4 Rb4 0-1

[Event "Bisaccia op 3rd"]
[Site "Bisaccia"]
[Date "2011.06.03"]
[Round "3"]
[White "Di Lascio, Savino"]
[Black "Sellitti, Luca"]
[Result "1-0"]
[WhiteElo "1976"]
[BlackElo "1971"]
[PlyCount "107"]
[EventDate "2011.06.08"]
[EventType "swiss"]
[EventRounds "7"]
[EventCountry "ITA"]
[SourceTitle "EXT 2014"]
[Source "ChessBase"]
[SourceDate "2013.11.20"]
[SourceVersion "1"]
[SourceVersionDate "2013.11.20"]
[SourceQuality "1"]

1. Nf3 c5 2. e4 Nc6 3. Bb5 e6 4. 0-0 Nge7 5. Re1 g6 6. c3 Bg7 7. Na3 0-0 8. Nc2 d5 9. exd5 exd5 10. d4 c4 11. Ne3 Nf5 12. Nxf5 Bxf5 13. Bg5 Qb6 14. Bxc6 bxc6 15. Be7 Rfe8 16. Qd2 Be4 17. Bc5 Qb5 18. Ba3 Qb8 19. Ne5 Bxe5 20. dxe5 Rxe5 21. f3 Bf5 22. Rxe5 Qxe5 23. Re1 Qc7 24. Bc5 Qd8 25. Qh6 Be6 26. h4 Rb8 27. Bxa7 Rxb2 28. Bd4 Qf8 29. Qg5 c5 30. Be5 f6 31. Bxf6 Rb6 32. Be7 Qf5 33. Qxf5 Bxf5 34. Bxc5 Rb5 35. Bd4 Ra5 36. Ra1 Kf7 37. Kf2 h5 38. Ke3 Ra3 39. Kf4 Bc2 40. Ke5 Bb3 41. Kxd5 Rxa2 42. Rg1 Ra5+ 43. Bc5 Ra2 44. g4 hxg4 45. fxg4 Rh2 46. Rf1+ Kg8 47. Be7 Re2 48. Bf6 Rg2 49. Rf4 Rd2+ 50. Bd4 Re2 51. Rf6 Kh7 52. g5 Bc2 53. Rf8 Be4+ 54. Kd6 1-0

[Event "Bisaccia op 3rd"]
[Site "Bisaccia"]
[Date "2011.06.02"]
[Round "1"]
[White "Sellitti, Luca"]
[Black "Cannavacciuolo, Domenico"]
[Result "1-0"]
[WhiteElo "1971"]
[BlackElo "1448"]
[PlyCount "95"]
[EventDate "2011.06.08"]
[EventType "swiss"]
[EventRounds "7"]
[EventCountry "ITA"]
[SourceTitle "EXT 2014"]
[Source "ChessBase"]
[SourceDate "2013.11.20"]
[SourceVersion "1"]
[SourceVersionDate "2013.11.20"]
[SourceQuality "1"]

1. e4 e5 2. Nf3 Nc6 3. Bb5 Nge7 4. Nc3 a6 5. Ba4 d6 6. h3 Be6 7. Ng5 b5 8. Nxe6 fxe6 9. Bb3 Nd4 10. Qg4 Qd7 11. Ne2 h5 12. Qg3 Nxe2 13. Kxe2 0-0-0 14. a4 b4 15. Qd3 Kb7 16. Qc4 c5 17. Qxe6 d5 18. exd5 Nxd5 19. Bxd5+ Qxd5 20. Qxd5+ Rxd5 21. Re1 g5 22. d3 Rg8 23. Kf1 a5 24. Re4 Rg6 25. Bd2 Kc6 26. Rae1 Kd6 27. h4 g4 28. Bg5 Bh6 29. Bxh6 Rxh6 30. R1e3 Rf6 31. g3 Ke6 32. c4 bxc3 33. bxc3 Rf5 34. d4 cxd4 35. cxd4 Kd6 36. dxe5+ Rdxe5 37. Rxe5 Rxe5 38. Ke2 Rxe3+ 39. fxe3 Kc5 40. Kd3 Kb4 41. e4 Kxa4 42. Kc4 Ka3 43. e5 a4 44. e6 Kb2 45. e7 a3 46. e8Q a2 47. Kd3 a1Q 48. Qh8+ 1-0

[Event "Giugliano op 5th"]
[Site "Giugliano"]
[Date "2010.09.26"]
[Round "4"]
[White "Sellitti, Luca"]
[Black "Della Rocca, Giuseppe"]
[Result "1-0"]
[WhiteElo "1984"]
[BlackElo "1879"]
[PlyCount "79"]
[EventDate "2010.09.24"]
[EventType "swiss"]
[EventRounds "5"]
[EventCountry "ITA"]
[SourceTitle "EXT 2024"]
[Source "ChessBase"]
[SourceDate "2023.10.10"]
[SourceVersion "1"]
[SourceVersionDate "2023.10.10"]
[SourceQuality "1"]

1. e4 c5 2. a3 Nc6 3. b4 d5 4. exd5 Qxd5 5. Nc3 Qd8 6. bxc5 e5 7. Bc4 Nf6 8. h3 Bxc5 9. Nf3 0-0 10. 0-0 a6 11. d3 h6 12. Re1 Re8 13. Be3 Bd4 14. Bxd4 exd4 15. Rxe8+ Qxe8 16. Ne2 Qd8 17. Qd2 g5 18. Re1 Nh7 19. h4 Bg4 20. Nh2 Qd7 21. hxg5 hxg5 22. Ng3 Bf5 23. Nf3 Bg6 24. Nxg5 Qg4 25. Nh3 Nf6 26. Qf4 Qxf4 27. Nxf4 Kg7 28. Kf1 b5 29. Bb3 Rc8 30. Nxg6 Kxg6 31. Ne4 Nxe4 32. Rxe4 b4 33. axb4 Nxb4 34. Rxd4 Nxc2 35. Bxc2 Rxc2 36. Rd6+ Kf5 37. Rxa6 Rd2 38. Rd6 Ke5 39. Rd8 f5 40. g3 1-0

[Event "Campobasso op-A 17th"]
[Site "Campobasso"]
[Date "2010.07.23"]
[Round "2"]
[White "Crafa, Carmine"]
[Black "Sellitti, Luca"]
[Result "0-1"]
[WhiteElo "1856"]
[BlackElo "1956"]
[PlyCount "36"]
[EventDate "2010.07.22"]
[EventType "swiss"]
[EventRounds "6"]
[EventCountry "ITA"]
[SourceTitle "EXT 2013"]
[Source "ChessBase"]
[SourceDate "2012.11.22"]
[SourceVersion "1"]
[SourceVersionDate "2012.11.22"]
[SourceQuality "1"]

1. e4 Nf6 2. e5 Nd5 3. d4 d6 4. c4 Nb6 5. f4 dxe5 6. fxe5 c5 7. d5 e6 8. Nc3 exd5 9. cxd5 c4 10. Be3 Bb4 11. Bxb6 Qxb6 12. Qe2 0-0 13. Nf3 Bg4 14. a3 Bxc3+ 15. bxc3 Nd7 16. h3 Bxf3 17. Qxf3 Nxe5 18. Qf2 Qb3 0-1

[Event "Campobasso op-A 17th"]
[Site "Campobasso"]
[Date "2010.07.23"]
[Round "3"]
[White "Sellitti, Luca"]
[Black "Fezza, Davide"]
[Result "0-1"]
[WhiteElo "1956"]
[BlackElo "2070"]
[PlyCount "90"]
[EventDate "2010.07.22"]
[EventType "swiss"]
[EventRounds "6"]
[EventCountry "ITA"]
[SourceTitle "EXT 2013"]
[Source "ChessBase"]
[SourceDate "2012.11.22"]
[SourceVersion "1"]
[SourceVersionDate "2012.11.22"]
[SourceQuality "1"]

1. e4 c5 2. a3 g6 3. b4 Bg7 4. Nc3 d6 5. Nf3 Nf6 6. Rb1 0-0 7. d4 cxd4 8. Nxd4 Qb6 9. Be3 Ng4 10. Nd5 Nxe3 11. Nxe7+ Kh8 12. fxe3 Be6 13. Nd5 Qd8 14. Nf4 Nc6 15. Be2 Qe7 16. Ndxe6 Bc3+ 17. Kf2 fxe6 18. Kg1 g5 19. Nd3 d5 20. b5 Na5 21. Nf2 Qf7 22. Bf3 Rad8 23. Qe2 d4 24. Bh5 Qg7 25. g3 dxe3 26. Nd3 Nc4 27. Kg2 Nd2 28. Rbd1 Rxd3 29. Qxd3 Rf2+ 30. Kg1 Bd4 31. c3 Bb6 32. Be2 g4 33. a4 Nf3+ 34. Bxf3 gxf3 35. a5 Rg2+ 36. Kf1 e2+ 37. Ke1 Bf2+ 38. Kd2 exd1Q+ 39. Kxd1 Qf6 40. Qd7 Be3 41. Qc8+ Kg7 42. Qxb7+ Kh6 43. Qc6 Rd2+ 44. Ke1 f2+ 45. Kf1 Rd1+ 0-1

[Event "Giugliano op 4th"]
[Site "Giugliano"]
[Date "2009.09.19"]
[Round "4"]
[White "Sellitti, Luca"]
[Black "Seletsky, Grigory"]
[Result "0-1"]
[WhiteElo "1913"]
[BlackElo "2319"]
[PlyCount "90"]
[EventDate "2009.09.18"]
[EventType "swiss"]
[EventRounds "6"]
[EventCountry "ITA"]
[SourceTitle "EXT 2012"]
[Source "ChessBase"]
[SourceDate "2011.11.24"]
[SourceVersion "1"]
[SourceVersionDate "2011.11.24"]
[SourceQuality "1"]

1. e4 c6 2. d4 d5 3. exd5 cxd5 4. Bd3 Nc6 5. c3 g6 6. Bf4 Bg7 7. Nf3 Bg4 8. Nbd2 e6 9. h3 Bxf3 10. Nxf3 Nge7 11. Qd2 Rc8 12. 0-0 0-0 13. Bh6 Nf5 14. Bxf5 gxf5 15. Rfe1 Qf6 16. Bxg7 Kxg7 17. Ne5 Nxe5 18. Rxe5 Kh8 19. Qf4 Rg8 20. Kh1 Rg6 21. Rg1 Rcg8 22. Ree1 Qg7 23. Qe5 Qxe5 24. Rxe5 b5 25. Re2 h5 26. f4 Rg3 27. Rc1 Rd3 28. Rcc2 a5 29. Red2 Rgg3 30. a3 Kg7 31. Kg1 Rdf3 32. Rf2 Re3 33. Kf1 Kf6 34. Rce2 Re4 35. Rf3 Rxe2 36. Kxe2 Rxg2+ 37. Rf2 Rg8 38. Kf3 Rg1 39. Rg2 Rf1+ 40. Rf2 Rd1 41. Kg3 b4 42. axb4 axb4 43. Rc2 bxc3 44. bxc3 Rd3+ 45. Kh4 Rf3 0-1

[Event "Bisaccia op"]
[Site "Bisaccia"]
[Date "2009.05.30"]
[Round "2"]
[White "Sellitti, Luca"]
[Black "Gromovs, Sergejs"]
[Result "0-1"]
[WhiteElo "1897"]
[BlackElo "2342"]
[PlyCount "54"]
[EventDate "2009.05.29"]
[EventType "swiss"]
[EventRounds "7"]
[EventCountry "ITA"]
[SourceTitle "EXT 2011"]
[Source "ChessBase"]
[SourceDate "2010.11.26"]
[SourceVersion "1"]
[SourceVersionDate "2010.11.26"]
[SourceQuality "1"]

1. e4 c5 2. c3 Nf6 3. e5 Nd5 4. d4 d6 5. Bb5+ Bd7 6. Bxd7+ Qxd7 7. Nf3 Nc6 8. 0-0 cxd4 9. Re1 e6 10. cxd4 dxe5 11. dxe5 Rc8 12. Bd2 Ncb4 13. Nc3 Nd3 14. Re4 Bc5 15. Nd4 Nb6 16. Qg4 Kf8 17. Nce2 h5 18. Qf3 Nxb2 19. Nf4 Ke8 20. Nxh5 Bf8 21. Rg4 Rxh5 22. Nb3 Qd5 23. Qg3 Qxe5 24. Bf4 Qc3 25. Be3 N2c4 26. Rc1 Rd5 27. Qf3 Ne5 0-1